000 00512nam a2200181Ia 4500
005 20250508161659.0
008 008 250505s9999 xx 000 0 eng d
037 _aBooks to be hide in OPAC
040 _aFEDL
_beng
_cFEDL
041 _aeng
_2eng
084 _a307, CEN/O
_qFEDL
245 0 _aConcepts and values 40
245 0 _cCenter for the Study of Instruction
260 _aChicago
_bHarcourt, Brace and World
300 _a42p.
942 _cHB
_h307, CEN/O
999 _c1371519
_d1371519